| 000 | 00362 a2200157 4500 | ||
|---|---|---|---|
| 001 | 58113 | ||
| 020 | _a8520901867 | ||
| 040 | _cAnchieta - Pituba | ||
| 100 | _aGonzaga, Tomás Antônio | ||
| 240 | 1 | 0 |
_aOs poetas da inconfidência _lpor |
| 245 | 1 | 0 | _aOs poetas da inconfidência |
| 300 | _a219 | ||
| 362 | 0 | _a1989 | |
| 650 | 4 | _aPoesia brasileira | |
| 942 | _cBK | ||
| 999 |
_c58113 _d58113 |
||